00371nmm a22001337a 450000500170000000800410001704100080005808200110006610000250007724500710010226000090017365000220018265000330020420170118184751.0150612b xxu||||| |||| 00| 0 spa d aspa aMD 246 aAguilar Otoya, Wendy aInforme de práctica supervisada en el Laboratorio DENTILAB S.A. c2015 aMECÁNICA DENTAL aPRÓTESIS PARCIAL REMOVIBLE